000 02463nam a2200373 a 4500
001 ebr10682993
003 CaPaEBR
006 m u
007 cr cn|||||||||
008 110401s2011 nyua sb 001 0 eng d
010 _z 2011014208
020 _z9781613245330 (hardcover)
020 _z9781622571260 (e-book)
040 _aCaPaEBR
_cCaPaEBR
035 _a(OCoLC)829713901
050 1 4 _aRA645.N87
_bU532 2011eb
082 0 4 _a362.196/39
_223
245 0 0 _aUndernutrition
_h[electronic resource] :
_beffects, causes and management /
_cJason E. Lee, editor.
260 _aHauppauge, N.Y. :
_bNova Science Publishers,
_cc2011.
300 _axiii, 173 p. :
_bill.
490 1 _aNutrition and diet research progress
490 1 _aPublic health in the 21st century
504 _aIncludes bibliographical references and index.
505 0 _aReproductive programming : the role of early life nutrition -- / Stella Chadio, Basiliki Kotsampasi -- Maternal perinatal undernutrition programs stress neuroendocrine systems in the male rat / D. Vieau ... [et al.] -- Effects of maternal undernutrition on lung growth and development in the offspring / Chung-Ming Chen, Leng-Fang Wang, Hsiu-Chu Chou -- Undernutrition from fetal life to puberty, fetal programming, and compensatory growth in rat testes / P. Genovese ... [et al.] -- Does educational attainment affect nutritional status? : a study among underprivileged adults of six districts of West Bengal, India / Sadaruddin Biswas, Kaushik Bose -- Prevalence of thinness among rural Bengalee Muslim school children from Eastern India / Prakash Ranjan Mondal, Sadaruddin Biswas, Kaushik Bose -- Long-term effects of early undernutrition on wound healing / Marilena Chinali Komesu, Miguel Angel Sala, Fabiano Misael Cavenaghi -- Effects of protein deprivation on the temporomandibular joint / Joao Gualberto de C. Luz.
533 _aElectronic reproduction.
_bPalo Alto, Calif. :
_cebrary,
_d2013.
_nAvailable via World Wide Web.
_nAccess may be limited to ebrary affiliated libraries.
650 0 _aMalnutrition.
650 0 _aPoor
_xNutrition.
655 7 _aElectronic books.
_2local
700 1 _aLee, Jason E.
710 2 _aebrary, Inc.
830 0 _aNutrition and diet research progress series.
830 0 _aPublic health in the 21st century series.
856 4 0 _uhttp://site.ebrary.com/lib/rucke/Doc?id=10682993
_zAn electronic book accessible through the World Wide Web; click to view
999 _c13881
_d13881